书目信息 |
| 书名: | Beginner's Guide to Papermaking | |
| 作者: | Heidi Reimer-Epp | |
| 分册号: | ||
| 分册名: | 出版地: | NEW YORK |
|
| 出版社: | Sterling Pub Co Inc | |
| 出版时间: | 2003 | |
| 页数: | 128P | |
| 开本: | 27CM | |
| 丛书名: | ||
| 中图分类号: | ||
| 科图分类号: | ||
| 其他分类号: | TS93 | |
| 主题词: | ||
| 电子资源: | ||
| 000 | 00411nam0 2200145 450 | |
| 001 | 202012002742 | |
| 005 | 20121130090043.0 | |
| 008 | 12113001s | |
| 020 | @a9781402731099@bHARD@c$24.95 | |
| 099 | @dTS93@eH4656 | |
| 245 | 10 | @aBeginner's Guide to Papermaking @cHeidi Reimer-Epp |
| 260 | 0 | @aNEW YORK@bSterling Pub Co Inc@c2003 |
| 300 | @a128P@c27CM | |
| 905 | @b13566-7 | |
| 905 | @aTSG@dTS93@eH4656 | |
| Beginner's Guide to Papermaking / Heidi Reimer-Epp.-NEW YORK : Sterling Pub Co Inc , 2003 |
| 128P ; 27CM |
| ISBN 9781402731099HARD$24.95 |
| ● |
| 相关链接 |
|
|
|
正题名:Beginner's Guide to Papermaking
索取号:TS93/H4656
 
预约/预借
| 序号 | 登录号 | 条形码 | 馆藏地/架位号 | 状态 | 备注 |
| 1 | 13566 | 300135663 | 自科库501/400A自科库 33排2列3层/ [索取号:TS93/H4656] | 在馆 | |
| 2 | 13567 | 300135672 | 自科库501/400A自科库 33排2列3层/ [索取号:TS93/H4656] | 在馆 |